Loading...
| Fine Arts - Classical Music | 9 | 18.89 | 100% | 89% | 0% |
| Fine Arts - Other Fine Arts | 6 | 16.67 | 67% | 83% | 17% |
| Fine Arts - Painting & Sculpture | 4 | 25.00 | 100% | 100% | 50% |
| History - American History | 7 | 18.57 | 100% | 71% | 14% |
| History - European History | 8 | 20.00 | 100% | 75% | 25% |
| History - Other History | 8 | 21.25 | 100% | 75% | 38% |
| History - World History | 7 | 21.43 | 100% | 86% | 29% |
| Literature - American Literature | 8 | 18.75 | 100% | 88% | 0% |
| Literature - British Literature | 6 | 20.00 | 100% | 100% | 0% |
| Literature - European Literature | 7 | 22.86 | 100% | 86% | 43% |
| Literature - World Literature | 9 | 18.89 | 100% | 78% | 11% |
| Mythology | 5 | 20.00 | 100% | 80% | 20% |
| Other | 4 | 17.50 | 100% | 75% | 0% |
| Philosophy | 8 | 17.50 | 100% | 75% | 0% |
| Religion | 6 | 20.00 | 100% | 83% | 17% |
| Science - Biology | 9 | 14.44 | 100% | 22% | 22% |
| Science - Chemistry | 5 | 10.00 | 100% | 0% | 0% |
| Science - Other Science | 6 | 11.67 | 100% | 17% | 0% |
| Science - Physics | 4 | 7.50 | 75% | 0% | 0% |
| Social Science | 5 | 16.00 | 80% | 60% | 20% |